[Event "6. Esbjerg Efterår - Esbjergmesterskabet 2023"]
[Site "Rybners HTX"]
[Date "????.??.??"]
[Round "2.6"]
[White "Christensen, Michael René"]
[Black "Rossen, Claus"]
[Result "0-1"]
[WhiteElo "1699"]
[BlackElo "2027"]

1. Nf3 {[%clk 00:20:05]} {[%emt 00:00:04]} c5 {[%clk 00:20:08]} {[%emt
00:00:03]} 2. c4 {[%clk 00:20:01]} {[%emt 00:00:08]} Nf6 {[%clk 00:20:05]}
{[%emt 00:00:07]} 3. g3 {[%clk 00:20:00]} {[%emt 00:00:06]} d5 {[%clk
00:20:06]} {[%emt 00:00:05]} 4. cxd5 {[%clk 00:19:55]} {[%emt 00:00:10]} Nxd5
{[%clk 00:20:08]} {[%emt 00:00:03]} 5. Bg2 {[%clk 00:19:53]} {[%emt 00:00:07]}
Nc6 {[%clk 00:20:10]} {[%emt 00:00:03]} 6. Nc3 {[%clk 00:19:49]} {[%emt
00:00:09]} Nxc3 {[%clk 00:19:32]} {[%emt 00:00:43]} 7. bxc3 {[%clk 00:19:44]}
{[%emt 00:00:10]} e5 {[%clk 00:19:33]} {[%emt 00:00:04]} 8. d3 {[%clk
00:17:25]} {[%emt 00:02:24]} Be7 {[%clk 00:19:30]} {[%emt 00:00:08]} 9. O-O
{[%clk 00:17:27]} {[%emt 00:00:03]} O-O {[%clk 00:19:29]} {[%emt 00:00:06]} 10.
Rb1 {[%clk 00:16:43]} {[%emt 00:00:50]} Rb8 {[%clk 00:17:36]} {[%emt 00:01:58]}
11. Nd2 {[%clk 00:15:11]} {[%emt 00:01:36]} Be6 {[%clk 00:17:31]} {[%emt
00:00:09]} 12. Qc2 {[%clk 00:15:03]} {[%emt 00:00:14]} Qd7 {[%clk 00:16:41]}
{[%emt 00:00:52]} 13. c4 {[%clk 00:14:42]} {[%emt 00:00:29]} Bh3 {[%clk
00:14:43]} {[%emt 00:02:02]} 14. Bb2 {[%clk 00:14:09]} {[%emt 00:00:39]} Bxg2
{[%clk 00:13:45]} {[%emt 00:01:01]} 15. Kxg2 {[%clk 00:14:10]} {[%emt
00:00:04]} f5 {[%clk 00:13:41]} {[%emt 00:00:10]} 16. Nf3 {[%clk 00:12:45]}
{[%emt 00:01:30]} Bf6 {[%clk 00:12:26]} {[%emt 00:01:20]} 17. Rbd1 {[%clk
00:11:33]} {[%emt 00:01:19]} Qe7 {[%clk 00:10:37]} {[%emt 00:01:53]} 18. e4
{[%clk 00:11:14]} {[%emt 00:00:24]} f4 {[%clk 00:10:33]} {[%emt 00:00:09]} 19.
a3 {[%clk 00:11:03]} {[%emt 00:00:17]} a6 {[%clk 00:09:17]} {[%emt 00:01:20]}
20. Bc1 {[%clk 00:09:24]} {[%emt 00:01:44]} g5 {[%clk 00:09:15]} {[%emt
00:00:07]} 21. Ng1 {[%clk 00:09:28]} {[%emt 00:00:01]} Nd4 {[%clk 00:08:41]}
{[%emt 00:00:39]} 22. Qa2 {[%clk 00:08:40]} {[%emt 00:00:54]} Bg7 {[%clk
00:08:19]} {[%emt 00:00:27]} 23. f3 {[%clk 00:08:13]} {[%emt 00:00:32]} Qd7
{[%clk 00:07:44]} {[%emt 00:00:39]} 24. g4 {[%clk 00:07:49]} {[%emt 00:00:28]}
h5 {[%clk 00:07:47]} {[%emt 00:00:02]} 25. h3 {[%clk 00:07:53]} {[%emt
00:00:01]} Kf7 {[%clk 00:07:44]} {[%emt 00:00:08]} 26. Ne2 {[%clk 00:07:51]}
{[%emt 00:00:06]} Rh8 {[%clk 00:07:22]} {[%emt 00:00:28]} 27. Nxd4 {[%clk
00:07:52]} {[%emt 00:00:05]} exd4 {[%clk 00:06:28]} {[%emt 00:00:58]} 28. Qe2
{[%clk 00:07:35]} {[%emt 00:00:22]} b5 {[%clk 00:06:21]} {[%emt 00:00:12]} 29.
Rfe1 {[%clk 00:07:19]} {[%emt 00:00:22]} Be5 {[%clk 00:06:24]} {[%emt
00:00:01]} 30. Qa2 {[%clk 00:07:05]} {[%emt 00:00:18]} Qe6 {[%clk 00:06:14]}
{[%emt 00:00:15]} 31. Re2 {[%clk 00:06:49]} {[%emt 00:00:22]} hxg4 {[%clk
00:06:16]} {[%emt 00:00:03]} 32. hxg4 {[%clk 00:06:52]} {[%emt 00:00:02]} Rh4
{[%clk 00:06:14]} {[%emt 00:00:06]} 33. Ree1 {[%clk 00:06:35]} {[%emt
00:00:23]} Rxg4+ {[%clk 00:05:43]} {[%emt 00:00:36]} 34. fxg4 {[%clk 00:06:15]}
{[%emt 00:00:25]} Qxg4+ {[%clk 00:05:46]} {[%emt 00:00:02]} 35. Kf1 {[%clk
00:06:18]} {[%emt 00:00:01]} f3 {[%clk 00:05:50]} {[%emt 00:00:02]} 36. cxb5+
{[%clk 00:06:06]} {[%emt 00:00:17]} Kg6 {[%clk 00:05:53]} {[%emt 00:00:01]} 37.
Rd2 {[%clk 00:05:35]} {[%emt 00:00:36]} Rh8 {[%clk 00:05:52]} {[%emt 00:00:06]}
38. Rg2 {[%clk 00:04:44]} {[%emt 00:00:57]} Rh1+ {[%clk 00:05:45]} {[%emt
00:00:11]} 39. Kf2 {[%clk 00:04:29]} {[%emt 00:00:21]} Qxg2# {[%clk 00:05:47]}
{[%emt 00:00:02]} 0-1

[Event "6. Esbjerg Efterår - Esbjergmesterskabet 2023"]
[Site "Rybners HTX"]
[Date "????.??.??"]
[Round "2.7"]
[White "Guindy, Esmat Susanne"]
[Black "Ramsdal, Lasse Andfreas"]
[Result "1-0"]
[WhiteElo "2013"]
[BlackElo "1703"]

1. d4 {[%clk 00:20:08]} {[%emt 00:00:01]} e6 {[%clk 00:20:09]} {[%emt
00:00:02]} 2. c4 {[%clk 00:20:10]} {[%emt 00:00:03]} b6 {[%clk 00:20:11]}
{[%emt 00:00:03]} 3. Nf3 {[%clk 00:20:12]} {[%emt 00:00:02]} Bb7 {[%clk
00:20:14]} {[%emt 00:00:03]} 4. Nc3 {[%clk 00:20:07]} {[%emt 00:00:09]} Bb4
{[%clk 00:20:16]} {[%emt 00:00:03]} 5. Bd2 {[%clk 00:20:08]} {[%emt 00:00:04]}
f5 {[%clk 00:19:15]} {[%emt 00:01:06]} 6. e3 {[%clk 00:20:09]} {[%emt
00:00:04]} Nf6 {[%clk 00:18:43]} {[%emt 00:00:38]} 7. a3 {[%clk 00:19:43]}
{[%emt 00:00:31]} Be7 {[%clk 00:17:12]} {[%emt 00:01:36]} 8. Qc2 {[%clk
00:19:43]} {[%emt 00:00:05]} O-O {[%clk 00:16:37]} {[%emt 00:00:40]} 9. Bd3
{[%clk 00:19:45]} {[%emt 00:00:03]} Qe8 {[%clk 00:15:25]} {[%emt 00:01:18]} 10.
h3 {[%clk 00:18:09]} {[%emt 00:01:40]} Qh5 {[%clk 00:13:36]} {[%emt 00:01:55]}
11. O-O-O {[%clk 00:17:01]} {[%emt 00:01:13]} Bxf3 {[%clk 00:12:08]} {[%emt
00:01:33]} 12. gxf3 {[%clk 00:17:03]} {[%emt 00:00:03]} Qxf3 {[%clk 00:12:11]}
{[%emt 00:00:02]} 13. Rdf1 {[%clk 00:16:31]} {[%emt 00:00:36]} d6 {[%clk
00:11:49]} {[%emt 00:00:28]} 14. d5 {[%clk 00:16:09]} {[%emt 00:00:27]} exd5
{[%clk 00:09:28]} {[%emt 00:02:26]} 15. Bxf5 {[%clk 00:12:43]} {[%emt
00:03:30]} dxc4 {[%clk 00:07:22]} {[%emt 00:02:11]} 16. Nb5 {[%clk 00:10:52]}
{[%emt 00:01:56]} Qc6 {[%clk 00:06:25]} {[%emt 00:01:03]} 17. Nd4 {[%clk
00:10:43]} {[%emt 00:00:14]} Qb7 {[%clk 00:04:52]} {[%emt 00:01:38]} 18. Ne6
{[%clk 00:09:49]} {[%emt 00:00:58]} Rf7 {[%clk 00:04:45]} {[%emt 00:00:13]} 19.
Ng5 {[%clk 00:09:08]} {[%emt 00:00:46]} d5 {[%clk 00:03:27]} {[%emt 00:01:23]}
20. Be6 {[%clk 00:08:23]} {[%emt 00:00:50]} Ne4 {[%clk 00:03:03]} {[%emt
00:00:29]} 21. Bxf7+ {[%clk 00:06:51]} {[%emt 00:01:36]} Kf8 {[%clk 00:03:06]}
{[%emt 00:00:02]} 22. Nxe4 {[%clk 00:06:47]} {[%emt 00:00:09]} Kxf7 {[%clk
00:03:02]} {[%emt 00:00:08]} 23. Ng3 {[%clk 00:06:47]} {[%emt 00:00:06]} Nd7
{[%clk 00:02:23]} {[%emt 00:00:45]} 24. e4 {[%clk 00:06:06]} {[%emt 00:00:46]}
Nc5 {[%clk 00:01:24]} {[%emt 00:01:04]} 25. exd5 {[%clk 00:05:01]} {[%emt
00:01:09]} Nd3+ {[%clk 00:01:28]} {[%emt 00:00:02]} 26. Kb1 {[%clk 00:05:03]}
{[%emt 00:00:03]} Qxd5 {[%clk 00:01:30]} {[%emt 00:00:03]} 27. Bc3 {[%clk
00:04:47]} {[%emt 00:00:21]} Qb5 {[%clk 00:01:29]} {[%emt 00:00:07]} 28. Ka1
{[%clk 00:03:57]} {[%emt 00:00:55]} Qa6 {[%clk 00:00:34]} {[%emt 00:01:01]} 29.
Kb1 {[%clk 00:03:20]} {[%emt 00:00:41]} Qb5 {[%clk 00:00:37]} {[%emt 00:00:03]}
30. a4 {[%clk 00:03:11]} {[%emt 00:00:13]} Qa6 {[%clk 00:00:21]} {[%emt
00:00:21]} 31. Qe2 {[%clk 00:02:54]} {[%emt 00:00:21]} b5 {[%clk 00:00:23]}
{[%emt 00:00:05]} 32. Qh5+ {[%clk 00:02:54]} {[%emt 00:00:04]} Kg8 {[%clk
00:00:26]} {[%emt 00:00:03]} 33. Qd5+ {[%clk 00:02:48]} {[%emt 00:00:32]} 1-0

[Event "6. Esbjerg Efterår - Esbjergmesterskabet 2023"]
[Site "Rybners HTX"]
[Date "????.??.??"]
[Round "2.8"]
[White "Babovic, Lazar"]
[Black "Topholm, Morten"]
[Result "0-1"]
[WhiteElo "1527"]
[BlackElo "2009"]

1. e4 {[%clk 00:20:09]} e5 {[%clk 00:20:08]} {[%emt 00:00:02]} 2. Bc4 {[%clk
00:20:13]} {[%emt 00:00:02]} Nc6 {[%clk 00:19:54]} {[%emt 00:00:19]} 3. Nc3
{[%clk 00:20:17]} {[%emt 00:00:01]} Nf6 {[%clk 00:19:57]} {[%emt 00:00:02]} 4.
d3 {[%clk 00:20:20]} {[%emt 00:00:02]} Bb4 {[%clk 00:19:56]} {[%emt 00:00:06]}
5. a3 {[%clk 00:19:40]} {[%emt 00:00:46]} Bxc3+ {[%clk 00:19:52]} {[%emt
00:00:08]} 6. bxc3 {[%clk 00:19:44]} {[%emt 00:00:02]} d5 {[%clk 00:19:49]}
{[%emt 00:00:08]} 7. exd5 {[%clk 00:18:43]} {[%emt 00:01:05]} Nxd5 {[%clk
00:19:52]} {[%emt 00:00:01]} 8. Qf3 {[%clk 00:18:35]} {[%emt 00:00:13]} Be6
{[%clk 00:19:40]} {[%emt 00:00:17]} 9. Bxd5 {[%clk 00:17:30]} {[%emt 00:01:11]}
Bxd5 {[%clk 00:19:43]} {[%emt 00:00:02]} 10. Qg3 {[%clk 00:17:34]} O-O {[%clk
00:19:20]} {[%emt 00:00:27]} 11. Ne2 {[%clk 00:16:38]} {[%emt 00:01:02]} f5
{[%clk 00:18:11]} {[%emt 00:01:14]} 12. O-O {[%clk 00:11:47]} {[%emt 00:04:56]}
f4 {[%clk 00:17:12]} {[%emt 00:01:03]} 13. Qh3 {[%clk 00:10:22]} {[%emt
00:01:30]} f3 {[%clk 00:17:11]} {[%emt 00:00:06]} 14. Ng3 {[%clk 00:10:26]}
{[%emt 00:00:02]} fxg2 {[%clk 00:16:52]} {[%emt 00:00:23]} 15. Re1 {[%clk
00:10:30]} {[%emt 00:00:02]} Qf6 {[%clk 00:14:30]} {[%emt 00:02:26]} 16. Be3
{[%clk 00:10:02]} {[%emt 00:00:34]} Bf3 {[%clk 00:13:06]} {[%emt 00:01:29]} 17.
Ne4 {[%clk 00:09:25]} {[%emt 00:00:42]} Qg6 {[%clk 00:12:41]} {[%emt 00:00:30]}
18. Rab1 {[%clk 00:08:09]} {[%emt 00:01:22]} b6 {[%clk 00:12:24]} {[%emt
00:00:22]} 19. Bg5 {[%clk 00:06:39]} {[%emt 00:01:35]} Rf5 {[%clk 00:11:18]}
{[%emt 00:01:11]} 20. Bh4 {[%clk 00:05:23]} {[%emt 00:01:21]} Raf8 {[%clk
00:08:58]} {[%emt 00:02:25]} 21. Qg3 {[%clk 00:04:59]} {[%emt 00:00:29]} Qh6
{[%clk 00:06:43]} {[%emt 00:02:19]} 22. Bg5 {[%clk 00:03:46]} {[%emt 00:01:19]}
Qh5 {[%clk 00:06:30]} {[%emt 00:00:18]} 23. h4 {[%clk 00:03:18]} {[%emt
00:00:32]} h6 {[%clk 00:05:38]} {[%emt 00:00:57]} 24. Bd2 {[%clk 00:02:53]}
{[%emt 00:00:31]} Ne7 {[%clk 00:04:35]} {[%emt 00:01:07]} 25. Rb5 {[%clk
00:02:38]} {[%emt 00:00:19]} a6 {[%clk 00:04:01]} {[%emt 00:00:40]} 26. Rb4
{[%clk 00:02:39]} {[%emt 00:00:04]} Nd5 {[%clk 00:03:56]} {[%emt 00:00:10]} 27.
Rc4 {[%clk 00:02:31]} {[%emt 00:00:13]} Qf7 {[%clk 00:02:31]} {[%emt 00:01:29]}
28. d4 {[%clk 00:02:16]} {[%emt 00:00:20]} Bxe4 {[%clk 00:02:31]} {[%emt
00:00:06]} 29. Rxe4 {[%clk 00:02:01]} {[%emt 00:00:20]} Rxf2 {[%clk 00:02:34]}
{[%emt 00:00:02]} 30. Bxh6 {[%clk 00:01:15]} {[%emt 00:00:51]} Rf1+ {[%clk
00:02:36]} {[%emt 00:00:02]} 31. Kxg2 {[%clk 00:01:18]} {[%emt 00:00:03]} Ne3+
{[%clk 00:02:28]} {[%emt 00:00:13]} 32. Rxe3 {[%clk 00:01:13]} {[%emt
00:00:09]} Kh7 {[%clk 00:02:17]} {[%emt 00:00:16]} 33. Bg5 {[%clk 00:01:12]}
{[%emt 00:00:06]} Qxc4 {[%clk 00:02:15]} {[%emt 00:00:07]} 34. Qxe5 {[%clk
00:00:53]} {[%emt 00:00:25]} Qf7 {[%clk 00:02:02]} {[%emt 00:00:18]} 35. Qe4+
{[%clk 00:00:52]} {[%emt 00:00:06]} Kh8 {[%clk 00:02:01]} {[%emt 00:00:06]} 36.
Kg3 {[%clk 00:00:56]} Qf2+ {[%clk 00:01:54]} {[%emt 00:00:12]} 37. Kg4 {[%clk
00:00:55]} {[%emt 00:00:05]} Rg1+ {[%clk 00:01:32]} {[%emt 00:00:28]} 38. Kh5
{[%clk 00:00:59]} {[%emt 00:00:01]} Qf7+ {[%clk 00:01:23]} {[%emt 00:00:14]} 39.
Qg6 {[%clk 00:01:01]} {[%emt 00:00:04]} Qf2 {[%clk 00:01:08]} {[%emt 00:00:20]}
40. Qe4 {[%clk 00:01:00]} {[%emt 00:00:06]} Rxg5+ {[%clk 00:00:51]} {[%emt
00:00:22]} 41. hxg5 {[%clk 00:00:59]} {[%emt 00:00:06]} Qh2+ {[%clk 00:00:54]}
{[%emt 00:00:02]} 42. Qh4 {[%clk 00:01:01]} {[%emt 00:00:03]} g6+ {[%clk
00:00:56]} {[%emt 00:00:03]} 43. Kg4+ {[%clk 00:01:05]} {[%emt 00:00:01]} Qxh4+
{[%clk 00:00:56]} {[%emt 00:00:05]} 44. Kxh4 {[%clk 00:01:09]} {[%emt
00:00:01]} Rf2 {[%clk 00:00:54]} {[%emt 00:00:07]} 45. Re7 {[%clk 00:01:08]}
{[%emt 00:00:07]} c5 {[%clk 00:00:50]} {[%emt 00:00:10]} 46. d5 {[%clk
00:01:10]} {[%emt 00:00:03]} Rxc2 {[%clk 00:00:47]} {[%emt 00:00:07]} 47. Re3
{[%clk 00:01:08]} {[%emt 00:00:06]} Rd2 {[%clk 00:00:46]} {[%emt 00:00:07]} 48.
c4 {[%clk 00:01:12]} {[%emt 00:00:02]} Rd4+ {[%clk 00:00:50]} {[%emt 00:00:01]}
49. Kg3 {[%clk 00:00:54]} {[%emt 00:00:23]} b5 {[%clk 00:00:49]} {[%emt
00:00:06]} 50. cxb5 {[%clk 00:00:54]} {[%emt 00:00:05]} axb5 {[%clk 00:00:53]}
51. Re6 {[%clk 00:00:53]} {[%emt 00:00:05]} Rxd5 {[%clk 00:00:52]} {[%emt
00:00:06]} 52. Rxg6 {[%clk 00:00:45]} {[%emt 00:00:13]} Rd3+ {[%clk 00:00:56]}
{[%emt 00:00:01]} 53. Kf2 {[%clk 00:00:47]} {[%emt 00:00:03]} Rxa3 {[%clk
00:01:00]} {[%emt 00:00:01]} 54. Rb6 {[%clk 00:00:49]} {[%emt 00:00:03]} b4
{[%clk 00:01:00]} {[%emt 00:00:06]} 55. Ke2 {[%emt 00:00:05]} Rc3 {[%clk
00:01:02]} 56. Kd2 {[%clk 00:00:54]} {[%emt 00:00:03]} Kg7 {[%clk 00:01:06]}
{[%emt 00:00:01]} 57. Kd1 {[%clk 00:00:55]} {[%emt 00:00:04]} Rg3 {[%clk
00:01:08]} {[%emt 00:00:03]} 58. g6 {[%clk 00:00:56]} {[%emt 00:00:04]} Rxg6
{[%clk 00:01:11]} {[%emt 00:00:01]} 59. Rb5 {[%clk 00:00:46]} {[%emt 00:00:15]}
Rc6 {[%clk 00:01:10]} {[%emt 00:00:06]} 60. Kc2 {[%clk 00:00:50]} {[%emt
00:00:01]} Kf6 {[%clk 00:01:14]} 61. Kd3 {[%clk 00:00:54]} {[%emt 00:00:02]}
c4+ {[%clk 00:00:43]} {[%emt 00:00:36]} 62. Kc2 {[%clk 00:00:54]} {[%emt
00:00:05]} b3+ {[%clk 00:00:43]} {[%emt 00:00:05]} 63. Kc3 {[%clk 00:00:58]}
Ke6 {[%clk 00:00:47]} 64. Rh5 {[%clk 00:00:55]} {[%emt 00:00:09]} Kd6 {[%clk
00:00:47]} {[%emt 00:00:04]} 65. Rh6+ {[%clk 00:00:43]} {[%emt 00:00:18]} Kc7
{[%clk 00:00:49]} {[%emt 00:00:01]} 66. Rh7+ {[%clk 00:00:44]} {[%emt
00:00:06]} Kb6 {[%clk 00:00:53]} 67. Rh6 {[%clk 00:00:48]} {[%emt 00:00:01]}
Rxh6 {[%emt 00:00:02]} 0-1

[Event "6. Esbjerg Efterår - Esbjergmesterskabet 2023"]
[Site "Rybners HTX"]
[Date "????.??.??"]
[Round "3.1"]
[White "Ramsdal, Jens Albert"]
[Black "Guindy, Esmat Susanne"]
[Result "1-0"]
[WhiteElo "2408"]
[BlackElo "2013"]

1. Nf3 {[%clk 00:20:08]} {[%emt 00:00:01]} d5 {[%clk 00:20:09]} {[%emt
00:00:02]} 2. g3 {[%clk 00:20:12]} {[%emt 00:00:02]} Nf6 {[%clk 00:20:06]}
{[%emt 00:00:07]} 3. Bg2 {[%clk 00:20:15]} {[%emt 00:00:02]} c5 {[%clk
00:20:07]} {[%emt 00:00:04]} 4. O-O {[%clk 00:20:17]} {[%emt 00:00:02]} Nc6
{[%clk 00:20:09]} {[%emt 00:00:05]} 5. d4 {[%clk 00:20:20]} {[%emt 00:00:02]}
e6 {[%clk 00:20:05]} {[%emt 00:00:09]} 6. c4 {[%clk 00:20:19]} {[%emt
00:00:06]} dxc4 {[%clk 00:19:30]} {[%emt 00:00:39]} 7. Qa4 {[%clk 00:17:23]}
{[%emt 00:03:01]} Bd7 {[%clk 00:19:14]} {[%emt 00:00:22]} 8. Qxc4 {[%clk
00:17:00]} {[%emt 00:00:27]} Rc8 {[%clk 00:18:58]} {[%emt 00:00:21]} 9. dxc5
{[%clk 00:15:55]} {[%emt 00:01:10]} Na5 {[%clk 00:18:34]} {[%emt 00:00:29]} 10.
Qh4 {[%clk 00:15:34]} {[%emt 00:00:26]} Rxc5 {[%clk 00:18:01]} {[%emt
00:00:39]} 11. Bg5 {[%clk 00:14:31]} {[%emt 00:01:07]} Be7 {[%clk 00:17:54]}
{[%emt 00:00:13]} 12. b4 {[%clk 00:14:27]} {[%emt 00:00:08]} Rc4 {[%clk
00:17:50]} {[%emt 00:00:08]} 13. Nd4 {[%clk 00:12:39]} {[%emt 00:01:53]} e5
{[%clk 00:15:56]} {[%emt 00:02:00]} 14. bxa5 {[%clk 00:11:01]} {[%emt
00:01:43]} Rxd4 {[%clk 00:15:57]} {[%emt 00:00:04]} 15. e4 {[%clk 00:11:01]}
{[%emt 00:00:05]} Qxa5 {[%clk 00:14:49]} {[%emt 00:01:14]} 16. Be3 {[%clk
00:10:08]} {[%emt 00:00:58]} Ng4 {[%clk 00:12:34]} {[%emt 00:02:19]} 17. Bg5
{[%clk 00:09:37]} {[%emt 00:00:35]} Qb4 {[%clk 00:11:11]} {[%emt 00:01:29]} 18.
Bxe7 {[%clk 00:08:43]} {[%emt 00:00:59]} Qxe7 {[%clk 00:11:09]} {[%emt
00:00:07]} 19. Qxe7+ {[%clk 00:08:43]} {[%emt 00:00:05]} Kxe7 {[%clk 00:11:12]}
{[%emt 00:00:02]} 20. Nc3 {[%clk 00:08:46]} {[%emt 00:00:02]} Bc6 {[%clk
00:11:08]} {[%emt 00:00:09]} 21. Rab1 {[%clk 00:08:35]} {[%emt 00:00:17]} Rhd8
{[%clk 00:10:33]} {[%emt 00:00:39]} 22. Rfc1 {[%clk 00:07:54]} {[%emt
00:00:46]} Nf6 {[%clk 00:10:22]} {[%emt 00:00:17]} 23. Nb5 {[%clk 00:06:56]}
{[%emt 00:01:03]} Ra4 {[%clk 00:09:58]} {[%emt 00:00:28]} 24. Nc3 {[%clk
00:06:58]} {[%emt 00:00:03]} Rad4 {[%clk 00:09:50]} {[%emt 00:00:13]} 25. Nb5
{[%clk 00:06:11]} {[%emt 00:00:52]} Ra4 {[%clk 00:09:38]} {[%emt 00:00:17]} 26.
Nc3 {[%clk 00:06:14]} {[%emt 00:00:02]} Rad4 {[%clk 00:09:38]} {[%emt
00:00:05]} 27. Rb2 {[%clk 00:05:27]} {[%emt 00:00:51]} Rd2 {[%clk 00:09:21]}
{[%emt 00:00:22]} 28. Rb3 {[%clk 00:04:15]} {[%emt 00:01:18]} a6 {[%clk
00:08:36]} {[%emt 00:00:50]} 29. h3 {[%clk 00:04:18]} {[%emt 00:00:02]} R8d7
{[%clk 00:08:17]} {[%emt 00:00:24]} 30. Kf1 {[%clk 00:04:07]} {[%emt 00:00:16]}
R2d4 {[%clk 00:08:10]} {[%emt 00:00:12]} 31. Re1 {[%clk 00:03:30]} {[%emt
00:00:42]} Rc7 {[%clk 00:07:17]} {[%emt 00:00:58]} 32. Bf3 {[%clk 00:03:16]}
{[%emt 00:00:19]} Ba4 {[%clk 00:07:01]} {[%emt 00:00:21]} 33. Ra3 {[%clk
00:03:07]} {[%emt 00:00:14]} Bc2 {[%clk 00:06:38]} {[%emt 00:00:27]} 34. Kg1
{[%clk 00:02:45]} {[%emt 00:00:27]} Rdc4 {[%clk 00:06:21]} {[%emt 00:00:23]} 35.
Re3 {[%clk 00:02:22]} {[%emt 00:00:28]} b5 {[%clk 00:06:09]} {[%emt 00:00:18]}
36. Nd5+ {[%clk 00:02:20]} {[%emt 00:00:06]} Nxd5 {[%clk 00:06:00]} {[%emt
00:00:13]} 37. exd5 {[%clk 00:02:24]} {[%emt 00:00:01]} Ra4 {[%clk 00:04:41]}
{[%emt 00:01:24]} 38. Rxa4 {[%clk 00:02:27]} {[%emt 00:00:03]} Bxa4 {[%clk
00:04:43]} {[%emt 00:00:02]} 39. Rxe5+ {[%clk 00:02:30]} {[%emt 00:00:02]} Kd6
{[%clk 00:04:47]} {[%emt 00:00:01]} 40. Re8 {[%clk 00:02:30]} {[%emt 00:00:05]}
b4 {[%clk 00:04:41]} {[%emt 00:00:11]} 41. Rb8 {[%clk 00:02:25]} {[%emt
00:00:09]} Bb5 {[%clk 00:04:23]} {[%emt 00:00:24]} 42. Rb6+ {[%clk 00:02:28]}
{[%emt 00:00:02]} Kd7 {[%clk 00:04:20]} {[%emt 00:00:08]} 43. Bg4+ {[%clk
00:02:29]} {[%emt 00:00:03]} Kd8 {[%clk 00:03:25]} {[%emt 00:01:00]} 44. d6
{[%clk 00:02:27]} {[%emt 00:00:07]} Rc1+ {[%clk 00:03:27]} {[%emt 00:00:03]} 45.
Kh2 {[%clk 00:02:31]} {[%emt 00:00:01]} Bd7 {[%clk 00:03:13]} {[%emt 00:00:19]}
46. Rxb4 {[%clk 00:02:32]} {[%emt 00:00:04]} Bxg4 {[%clk 00:02:58]} {[%emt
00:00:20]} 47. Rxg4 {[%clk 00:02:35]} {[%emt 00:00:03]} g6 {[%clk 00:02:42]}
{[%emt 00:00:21]} 48. Rf4 {[%clk 00:02:19]} {[%emt 00:00:21]} f5 {[%clk
00:02:45]} {[%emt 00:00:02]} 49. g4 {[%clk 00:02:22]} {[%emt 00:00:01]} fxg4
{[%clk 00:02:48]} {[%emt 00:00:02]} 50. hxg4 {[%clk 00:02:24]} {[%emt
00:00:03]} Rc2 {[%clk 00:02:44]} {[%emt 00:00:09]} 51. a4 {[%clk 00:01:48]}
{[%emt 00:00:42]} Rd2 {[%clk 00:02:35]} {[%emt 00:00:13]} 52. Rf7 {[%clk
00:01:35]} {[%emt 00:00:18]} h5 {[%clk 00:02:14]} {[%emt 00:00:26]} 53. Rf6
{[%clk 00:01:21]} {[%emt 00:00:19]} hxg4 {[%clk 00:02:06]} {[%emt 00:00:14]} 54.
Kg3 {[%clk 00:01:25]} {[%emt 00:00:01]} Rd4 {[%clk 00:01:57]} {[%emt 00:00:14]}
55. a5 {[%clk 00:01:13]} {[%emt 00:00:18]} Kd7 {[%clk 00:01:43]} {[%emt
00:00:19]} 56. Rxg6 {[%clk 00:01:16]} {[%emt 00:00:02]} Rd5 {[%clk 00:01:45]}
{[%emt 00:00:02]} 57. Kxg4 {[%clk 00:01:19]} {[%emt 00:00:03]} Rxa5 {[%clk
00:01:48]} {[%emt 00:00:03]} 58. f4 {[%clk 00:01:21]} {[%emt 00:00:03]} Rd5
{[%clk 00:01:44]} {[%emt 00:00:08]} 59. f5 {[%clk 00:00:48]} {[%emt 00:00:38]}
Rxd6 {[%clk 00:01:37]} {[%emt 00:00:13]} 60. Kg5 {[%clk 00:00:51]} {[%emt
00:00:01]} Rd1 {[%clk 00:01:34]} {[%emt 00:00:08]} 61. Rxa6 {[%clk 00:00:50]}
{[%emt 00:00:06]} Ke7 {[%clk 00:01:20]} {[%emt 00:00:18]} 62. Ra7+ {[%clk
00:00:54]} {[%emt 00:00:02]} Ke8 {[%clk 00:01:22]} {[%emt 00:00:03]} 63. Kg6
{[%clk 00:00:56]} {[%emt 00:00:03]} Rb1 {[%clk 00:00:53]} {[%emt 00:00:35]} 64.
Ra8+ {[%clk 00:00:56]} {[%emt 00:00:05]} Ke7 {[%clk 00:00:50]} {[%emt
00:00:07]} 65. f6+ {[%clk 00:00:58]} {[%emt 00:00:02]} Ke6 {[%clk 00:00:54]}
{[%emt 00:00:02]} 66. Re8+ {[%clk 00:00:58]} {[%emt 00:00:06]} Kd7 {[%clk
00:00:56]} {[%emt 00:00:03]} 67. f7 {[%clk 00:00:42]} {[%emt 00:00:20]} Rg1+
{[%clk 00:00:59]} {[%emt 00:00:02]} 68. Kh5 {[%clk 00:00:46]} {[%emt 00:00:02]}
Rh1+ {[%clk 00:01:01]} {[%emt 00:00:02]} 69. Kg4 {[%clk 00:00:50]} {[%emt
00:00:01]} 1-0

[Event "6. Esbjerg Efterår - Esbjergmesterskabet 2023"]
[Site "Rybners HTX"]
[Date "????.??.??"]
[Round "3.2"]
[White "Topholm, Morten"]
[Black "Fries Nielsen, Jens Ove"]
[Result "1/2-1/2"]
[WhiteElo "2009"]
[BlackElo "2398"]

1. e4 {[%clk 00:20:08]} {[%emt 00:00:02]} d5 {[%clk 00:20:08]} {[%emt
00:00:02]} 2. exd5 {[%clk 00:20:11]} {[%emt 00:00:02]} Qxd5 {[%clk 00:20:09]}
{[%emt 00:00:04]} 3. Nc3 {[%clk 00:20:15]} Qd8 {[%clk 00:20:12]} {[%emt
00:00:02]} 4. d4 {[%clk 00:20:15]} {[%emt 00:00:05]} Nf6 {[%clk 00:20:15]}
{[%emt 00:00:02]} 5. Bc4 {[%clk 00:20:12]} {[%emt 00:00:09]} a6 {[%clk
00:20:11]} {[%emt 00:00:10]} 6. Bb3 {[%clk 00:18:06]} {[%emt 00:02:10]} e6
{[%clk 00:19:51]} {[%emt 00:00:25]} 7. Nf3 {[%clk 00:18:04]} {[%emt 00:00:08]}
b5 {[%clk 00:18:37]} {[%emt 00:01:19]} 8. Qe2 {[%clk 00:17:29]} {[%emt
00:00:38]} c5 {[%clk 00:16:04]} {[%emt 00:02:39]} 9. dxc5 {[%clk 00:17:20]}
{[%emt 00:00:14]} Bxc5 {[%clk 00:16:08]} {[%emt 00:00:01]} 10. Bg5 {[%clk
00:16:29]} {[%emt 00:00:55]} Be7 {[%clk 00:15:01]} {[%emt 00:01:13]} 11. Rd1
{[%clk 00:15:32]} {[%emt 00:01:01]} Qc7 {[%clk 00:14:48]} {[%emt 00:00:17]} 12.
Bxf6 {[%clk 00:12:55]} {[%emt 00:02:43]} gxf6 {[%clk 00:14:10]} {[%emt
00:00:44]} 13. O-O {[%clk 00:12:48]} {[%emt 00:00:12]} Nd7 {[%clk 00:12:22]}
{[%emt 00:01:52]} 14. Rfe1 {[%clk 00:12:28]} {[%emt 00:00:25]} Nc5 {[%clk
00:12:07]} {[%emt 00:00:20]} 15. Bd5 {[%clk 00:11:49]} {[%emt 00:00:43]} Rb8
{[%clk 00:10:29]} {[%emt 00:01:44]} 16. Nd4 {[%clk 00:09:25]} {[%emt 00:02:29]}
b4 {[%emt 00:04:38]} 17. Ne4 exd5 {[%emt 00:00:01]} 18. Nc3 {[%emt 00:00:02]}
1/2-1/2